Construction law reports (Record no. 104845)
[ view plain ]
| 000 -LEADER | |
|---|---|
| fixed length control field | 00538cam a2200193 4500 |
| 001 - CONTROL NUMBER | |
| control field | ##L131808 |
| 008 - FIXED-LENGTH DATA ELEMENTS--GENERAL INFORMATION | |
| fixed length control field | 051209n2005 000 0 eng u |
| 020 ## - INTERNATIONAL STANDARD BOOK NUMBER | |
| International Standard Book Number | 1405707038 |
| 035 ## - SYSTEM CONTROL NUMBER | |
| System control number | (Sirsi) u131808 |
| 041 0# - LANGUAGE CODE | |
| Language code of text/sound track or separate title | eng |
| 050 ## - LIBRARY OF CONGRESS CALL NUMBER | |
| Classification number | 690.026 |
| 100 1# - MAIN ENTRY--PERSONAL NAME | |
| Personal name | Furmston, Michael |
| -- | Editor |
| 245 00 - TITLE STATEMENT | |
| Title | Construction law reports |
| Remainder of title | index volume |
| -- | volumes 1 to 100 |
| 260 ## - PUBLICATION, DISTRIBUTION, ETC. | |
| Place of publication, distribution, etc. | London |
| Name of publisher, distributor, etc. | LexisNexis Butterworths |
| Date of publication, distribution, etc. | 2005 |
| 300 ## - PHYSICAL DESCRIPTION | |
| Extent | 137p. |
| Dimensions | 24cm. |
| 490 ## - SERIES STATEMENT | |
| Series statement | Construction Law Reports |
| 690 ## - LOCAL SUBJECT ADDED ENTRY--TOPICAL TERM (OCLC, RLIN) | |
| Topical term or geographic name as entry element | Construction management |
| 9 (RLIN) | 6230 |
| 942 ## - ADDED ENTRY ELEMENTS (KOHA) | |
| Suppress in OPAC | 0 |
| Withdrawn status | Lost status | Source of classification or shelving scheme | Damaged status | Not for loan | Home library | Current library | Shelving location | Date acquired | Total Checkouts | Full call number | Barcode | Date last seen | Copy number | Price effective from | Koha item type |
|---|---|---|---|---|---|---|---|---|---|---|---|---|---|---|---|
| Dewey Decimal Classification | London | London | Basement | 09/12/2005 | BASEMENT | 30070673 | 06/08/2019 | 1 | 06/08/2019 | Law report |